Factores sociales y culturales relevantes que deben ser tenidos en cuenta en la reglamentación y aplicación de la decisión 391 de la can y de la política de accesos y aprovechamiento de los recursos genéticos en Colombia (Registro nro. 4184)

Detalles MARC
000 -CABECERA
Campo de control 00777nam a2200169 a 4500
005 - FECHA Y HORA DE LA ULTIMA TRANSACCION
Campo de control 20141202100357.0
008 - ELEMENTOS DE LONGITUD FIJA—INFORMACION GENERAL
Campo de control 140123b2003 ck ||||| |||| 00| 0 spa d
040 ## - FUENTE DE CATALOGACIÓN
Agencia transcriptora CO-BoIH
041 ## - IDIOMA
Código de idioma para texto/pista de sonido o título separado Español
044 ## - PAÍS DE PUBLICACIÓN
País de publicación Colombia
090 ## - CLASIFICACIÓN LOCAL
Colección IAVH
Consecutivo 00298
245 ## - MENCION DE TITULO
Título Factores sociales y culturales relevantes que deben ser tenidos en cuenta en la reglamentación y aplicación de la decisión 391 de la can y de la política de accesos y aprovechamiento de los recursos genéticos en Colombia
Parte restante del título estudio general de caso, comunidades locales campesinas e indígenas del departamento del Cauca
260 ## - PUBLICACION, DISTRIBUCION, ETC. (PIE DE IMPRENTA)
Lugar de publicación, distribución, etc. Popayán
Nombre del editor, distribuidor, etc. Instituto de Investigación de Recursos Biológicos Alexander von Humboldt
-- FAA
-- Universidad del Cauca
Fecha de publicación, distribución, etc. 2003
300 ## - DESCRIPCION FISICA
Extensión 115 p.
942 ## - ELEMENTOS ADICIONALES (KOHA)
Tipo de ítem Informe Técnico
Sistema de clasificación Local
945 ## - PROCESAMIENTO LOCAL
AAAA-MM-DD - Fecha de ingreso o modificacion 2004-10-12
Existencias
Withdrawn status Lost status Sistema de Clasificación Damaged status No para préstamo Colección Inventariado Ubicación Permanente Ubicación actual Fecha de adquisición Fuente de Valor Total Checkouts Número topográfico Inventario / Código de Barras Date last seen Ejemplar Price effective from Forma de adquisición Tipo de material
    Local     Humboldt Inventariado 2017 Villa de Leyva Villa de Leyva 12/10/2004 Acceso a Recursos Genéticos   IAVH-00298 016796 09/08/2024 Ej. 1 04/12/2012   Informe Técnico